Fr. Conceicao Rodrigues College of Engineering

Wind Power technology (Record no. 26047)

MARC details
000 -LEADER
fixed length control field 00309nam a2200157Ia 4500
082 ## - DEWEY DECIMAL CLASSIFICATION NUMBER
Classification number 621.471
Item number EAR
100 ## - MAIN ENTRY--PERSONAL NAME
Personal name Earnest/Joshua
250 ## - EDITION STATEMENT
Edition statement 3
245 ## - TITLE STATEMENT
Title Wind Power technology
260 ## - PUBLICATION, DISTRIBUTION, ETC.
Name of publisher, distributor, etc. prentice hall
Date of publication, distribution, etc. 2019
366 ## - TRADE AVAILABILITY INFORMATION
Publishers's discount category 25
546 ## - LANGUAGE NOTE
Language note ENGLISH
650 ## - SUBJECT ADDED ENTRY--TOPICAL TERM
Topical term or geographic name entry element wind
942 ## - ADDED ENTRY ELEMENTS (KOHA)
Koha item type BOOK
Holdings
Withdrawn status Lost status Damaged status Not for loan Collection Home library Current library Date acquired Source of acquisition Cost, normal purchase price Inventory number Total Checkouts Full call number Barcode Date last seen Date last checked out Cost, replacement price Price effective from Koha item type
        CRC Fr. Agnel's C.Rodrigues College of Engineering Fr. Agnel's C.Rodrigues College of Engineering 17/03/2023 Allied Publishers 393.75 210 dt 18.08.2022 1 621.471 EAR 25967 05/12/2024 29/11/2024 525.00   BOOK
        CRC Fr. Agnel's C.Rodrigues College of Engineering Fr. Agnel's C.Rodrigues College of Engineering 17/03/2023 Allied Publishers 393.75 210 dt 18.08.2022   25968 17/03/2023   525.00   BOOK
        CRC Fr. Agnel's C.Rodrigues College of Engineering Fr. Agnel's C.Rodrigues College of Engineering 17/03/2023 Allied Publishers 393.75 210 dt 18.08.2022   25969 17/03/2023   525.00   BOOK